KOHA-Header-6

Statistical methods for practice and research : (Record no. 12945)

000 -LEADER
fixed length control field 01249cam a2200325 a 4500
001 - CONTROL NUMBER
control field 15679436
003 - CONTROL NUMBER IDENTIFIER
control field MAJU-Karachi
005 - DATE AND TIME OF LATEST TRANSACTION
control field 20210119161758.0
008 - FIXED-LENGTH DATA ELEMENTS--GENERAL INFORMATION
fixed length control field 090330s2009 caua b 000 0 eng
010 ## - LIBRARY OF CONGRESS CONTROL NUMBER
LC control number 2009013249
020 ## - INTERNATIONAL STANDARD BOOK NUMBER
International Standard Book Number 9788132101000 (pbk.)
020 ## - INTERNATIONAL STANDARD BOOK NUMBER
International Standard Book Number 8132101006 (pbk.)
035 ## - SYSTEM CONTROL NUMBER
System control number (OCoLC)ocn317778227
040 ## - CATALOGING SOURCE
Original cataloging agency DLC
Transcribing agency DLC
Modifying agency BTCTA
-- YDXCP
-- C#P
-- BWX
-- DLC
050 00 - LIBRARY OF CONGRESS CALL NUMBER
Classification number HA32
Item number .G38 2009
082 00 - DEWEY DECIMAL CLASSIFICATION NUMBER
Classification number 005.5/5
Edition number 22
100 1# - MAIN ENTRY--PERSONAL NAME
Personal name Gaur, Ajai S.,
Dates associated with a name 1977-
245 10 - TITLE STATEMENT
Title Statistical methods for practice and research :
Remainder of title a guide to data analysis using SPSS /
Statement of responsibility, etc Ajai S. Gaur, Sanjaya S. Gaur.
250 ## - EDITION STATEMENT
Edition statement 2nd ed.
260 ## - PUBLICATION, DISTRIBUTION, ETC. (IMPRINT)
Place of publication, distribution, etc Los Angeles :
Name of publisher, distributor, etc Response,
Date of publication, distribution, etc 2009.
300 ## - PHYSICAL DESCRIPTION
Extent 169, [1] p. :
Other physical details ill. ;
Dimensions 25 cm.
504 ## - BIBLIOGRAPHY, ETC. NOTE
Bibliography, etc Includes bibliographical references.
630 00 - SUBJECT ADDED ENTRY--UNIFORM TITLE
Uniform title SPSS (Computer file)
650 #0 - SUBJECT ADDED ENTRY--TOPICAL TERM
Topical term or geographic name as entry element Social sciences
General subdivision Statistical methods
-- Computer programs.
650 #0 - SUBJECT ADDED ENTRY--TOPICAL TERM
Topical term or geographic name as entry element Social sciences
General subdivision Research
-- Statistical methods.
700 1# - ADDED ENTRY--PERSONAL NAME
Personal name Gaur, Sanjaya S.,
Dates associated with a name 1969-
906 ## - LOCAL DATA ELEMENT F, LDF (RLIN)
a 7
b cbc
c orignew
d 1
e ecip
f 20
g y-gencatlg
942 ## - ADDED ENTRY ELEMENTS (KOHA)
Source of classification or shelving scheme
Koha item type Computer Science
Holdings
Withdrawn status Lost status Source of classification or shelving scheme Damaged status Not for loan Collection code Permanent Location Current Location Shelving location Date acquired Full call number Barcode Date last seen Price effective from Koha item type
          Computer Science MAJU MAJU Shelf No.A33 2021-01-19 005.55 10042 2021-01-19 2021-01-19 Computer Science
          Computer Science MAJU MAJU Shelf No.A33 2021-01-19 005.55 10043 2021-01-19 2021-01-19 Computer Science

Powered by Koha